[Event "Katowice op"]
[Site "Katowice"]
[Date "1995.??.??"]
[Round "6"]
[White "Twardowski, Lukasz"]
[Black "Bakalarz, Leszek"]
[Result "1-0"]
[WhiteElo "2235"]
[BlackElo "2165"]
[PlyCount "117"]
[EventDate "1995.??.??"]
[EventType "swiss"]
[EventRounds "9"]
[EventCountry "POL"]
[SourceTitle "EXT 2000"]
[Source "ChessBase"]
[SourceDate "1999.11.16"]
[SourceVersion "1"]
[SourceVersionDate "1999.11.16"]
[SourceQuality "1"]

1. c4 c5 2. Nc3 Nc6 3. Nf3 g6 4. g3 Bg7 5. Bg2 d6 6. 0-0 a6 7. b3 Rb8 8. Bb2 b5 9. d3 e6 10. Qc1 Nf6 11. Nd2 Ne5 12. Nce4 Nxe4 13. Nxe4 0-0 14. Kh1 f5 15. f4 fxe4 16. fxe5 Rxf1+ 17. Qxf1 exd3 18. exd3 dxe5 19. Re1 Qd6 20. Qe2 Bb7 21. Bxb7 Rxb7 22. Bxe5 Bxe5 23. Qxe5 Rb6 24. Re3 Qxe5 25. Rxe5 Rc6 26. Kg2 Kf7 27. Kf3 Ke7 28. Re4 Kf6 29. Rf4+ Kg7 30. Ke4 g5 31. Rf2 Rd6 32. Rf3 g4 33. Rf2 h5 34. Rc2 Kf6 35. cxb5 axb5 36. Rxc5 Ra6 37. Rxb5 Rxa2 38. Rxh5 Rb2 39. Rh6+ Kg5 40. Rxe6 Rxb3 41. Re8 Rb2 42. Rg8+ Kf6 43. Rh8 Kg5 44. d4 Re2+ 45. Kd5 Kf6 46. Rh6+ Kg5 47. Rh7 Kg6 48. Rh4 Kf6 49. Kd6 Ra2 50. Rxg4 Rxh2 51. Rf4+ Kg5 52. d5 Rh3 53. Rf3 Kg4 54. Re3 Rh6+ 55. Kc5 Rh1 56. d6 Rd1 57. Kc6 Kf5 58. d7 Kf6 59. Re8 1-0

[Event "Katowice op"]
[Site "Katowice"]
[Date "1995.??.??"]
[Round "8"]
[White "Twardowski, Lukasz"]
[Black "Dmitriev, Igor"]
[Result "1/2-1/2"]
[WhiteElo "2235"]
[BlackElo "2435"]
[PlyCount "149"]
[EventDate "1995.??.??"]
[EventType "swiss"]
[EventRounds "9"]
[EventCountry "POL"]
[SourceTitle "EXT 2000"]
[Source "ChessBase"]
[SourceDate "1999.11.16"]
[SourceVersion "1"]
[SourceVersionDate "1999.11.16"]
[SourceQuality "1"]

1. c4 c6 2. Nf3 d6 3. g3 Bg4 4. Bg2 Nd7 5. b3 e5 6. Bb2 Be7 7. d4 e4 8. Nfd2 d5 9. Nc3 Be6 10. cxd5 cxd5 11. f3 f5 12. e3 Ngf6 13. Bh3 exf3 14. Nxf3 Ng4 15. Qd3 0-0 16. 0-0 a6 17. Ne2 g5 18. Ne5 Ndf6 19. Bg2 Qe8 20. Rac1 Bd6 21. h3 Nh6 22. Nc3 Rc8 23. Qe2 Rc7 24. Na4 Ne4 25. Rxc7 Bxc7 26. Kh2 Nf7 27. Ba3 Nxe5 28. dxe5 Rf7 29. Bb2 Bd7 30. Bxe4 dxe4 31. Qh5 Qe7 32. Rc1 Be8 33. e6 Qxe6 34. Qxg5+ Qg6 35. Qxg6+ hxg6 36. Bd4 Bxa4 37. bxa4 Rd7 38. h4 Kf7 39. Kg2 Ke6 40. Rb1 Ba5 41. Kh3 Kd5 42. g4 Rh7 43. gxf5 gxf5 44. Bf6 f4 45. Rd1+ Ke6 46. Bg5 fxe3 47. Bxe3 Rf7 48. Kg4 Rf3 49. Bg5 Bc7 50. Rg1 Ra3 51. h5 Rxa4 52. h6 Rxa2 53. Re1 Rg2+ 54. Kh5 Bg3 55. Rc1 Be5 56. Re1 Kd5 57. h7 Rh2+ 58. Kg6 b5 59. Rd1+ Kc4 60. Rd8 a5 61. Re8 Bb2 62. Rxe4+ Kb3 63. Rh4 Rg2 64. h8Q Bxh8 65. Rxh8 b4 66. Kf5 a4 67. Rh3+ Ka2 68. Be7 Rf2+ 69. Kg5 b3 70. Rh4 a3 71. Ra4 b2 72. Rxa3+ Kb1 73. Bf6 Rxf6 74. Kxf6 Kc2 75. Ra2 1/2-1/2

[Event "Krynica op"]
[Site "Krynica"]
[Date "1995.??.??"]
[Round "9"]
[White "Twardowski, Lukasz"]
[Black "Hnydiuk, Aleksander"]
[Result "0-1"]
[WhiteElo "2235"]
[BlackElo "2275"]
[PlyCount "51"]
[EventDate "1995.??.??"]
[EventType "swiss"]
[EventRounds "9"]
[EventCountry "POL"]
[SourceTitle "EXT 2004"]
[Source "ChessBase"]
[SourceDate "2003.11.25"]
[SourceVersion "1"]
[SourceVersionDate "2003.11.25"]
[SourceQuality "1"]

1. c4 f5 2. g3 Nf6 3. Bg2 g6 4. Nf3 Bg7 5. 0-0 0-0 6. d4 d6 7. Nc3 Nc6 8. Rb1 e5 9. e3 e4 10. Nd2 a5 11. a3 Qd7 12. Qc2 h5 13. f3 Bh6 14. Re1 Qf7 15. fxe4 Ng4 16. Nf1 fxe4 17. Bxe4 Nf2 18. Bd5 Be6 19. Bxe6 Qxe6 20. Re2 Nh3+ 21. Kg2 g5 22. Bd2 Qg4 23. Qg6+ Bg7 24. Kh1 Rf6 25. Qd3 Qf3+ 26. Rg2 0-1

[Event "Jaroslawiec op-A"]
[Site "Jaroslawiec"]
[Date "1995.??.??"]
[Round "4"]
[White "Twardowski, Lukasz"]
[Black "Sapis, Witalis"]
[Result "0-1"]
[WhiteElo "2365"]
[BlackElo "2440"]
[PlyCount "102"]
[EventDate "1995.??.??"]
[EventType "swiss"]
[EventRounds "9"]
[EventCountry "POL"]
[SourceTitle "EXT 2006"]
[Source "ChessBase"]
[SourceDate "2005.11.24"]
[SourceVersion "1"]
[SourceVersionDate "2005.11.24"]
[SourceQuality "1"]

1. Nf3 Nf6 2. c4 c6 3. b3 d5 4. e3 Bg4 5. Bb2 e6 6. h3 Bh5 7. Be2 Nbd7 8. 0-0 Bd6 9. d4 Ne4 10. Nbd2 f5 11. Ne5 Bxe2 12. Qxe2 0-0 13. Ndf3 Qe7 14. a4 Rad8 15. Nxd7 Rxd7 16. c5 Bb8 17. b4 g5 18. Ne5 Bxe5 19. dxe5 Qg7 20. Qe1 g4 21. h4 g3 22. fxg3 Nxg3 23. Rf3 Ne4 24. Bd4 Kh8 25. Ra2 Rg8 26. Rxf5 Qg4 27. Rf4 Qh3 28. Rxe4 dxe4 29. Qf1 Qxh4 30. Qf6+ Qxf6 31. exf6 Rf7 32. b5 h6 33. bxc6 bxc6 34. Rb2 Kh7 35. a5 Rd8 36. Be5 Kg6 37. Rb4 Rd1+ 38. Kh2 Kf5 39. Bd6 Rxf6 40. Rb7 Rd3 41. Rxa7 Rxe3 42. Rg7 Re2 43. a6 Ra2 44. a7 e3 45. Rg3 Ke4 46. Rg4+ Kd3 47. Be5 Rf5 48. Rd4+ Ke2 49. Bb8 e5 50. Rb4 Kf2 51. g4 e2 0-1